Normal view
MARC view
- TEMPERARTURE CONTROL TEMPERATURE MEASUREMENTS
Entry Topical Term
001 - CONTROL NUMBER
- control field: 75926
003 - CONTROL NUMBER IDENTIFIER
- control field: NUST
005 - DATE AND TIME OF LATEST TRANSACTION
- control field: 20210628205531.0
008 - FIXED-LENGTH DATA ELEMENTS
- fixed length control field: 210628|| aca||aabn | a|a d
040 ## - CATALOGING SOURCE
- Original cataloging agency: NUST
- Transcribing agency: NUST
150 ## - HEADING--TOPICAL TERM
- Topical term or geographic name entry element: TEMPERARTURE CONTROL TEMPERATURE MEASUREMENTS
670 ## - SOURCE DATA FOUND
- Source citation: Work cat.: (NUST): Mcmillan, Gregory.K 75925, Advanced temperature control, 1995
